[Event "HUN-chT2 Erkel 1617"]
[Site "Hungary"]
[Date "2016.12.11"]
[Round "6.11"]
[White "Pecsi, Roland"]
[Black "Patai, Peter"]
[Result "1/2-1/2"]
[WhiteElo "1756"]
[BlackElo "1842"]
[PlyCount "63"]
[EventDate "2016.09.25"]
[EventType "team-tourn"]
[EventRounds "11"]
[EventCountry "HUN"]
[SourceTitle "EXT 2021"]
[Source "ChessBase"]
[SourceDate "2020.10.23"]
[SourceVersion "1"]
[SourceVersionDate "2020.10.23"]
[SourceQuality "1"]
[WhiteTeam "Jaszbereny"]
[BlackTeam "Salgotarjan"]
[WhiteTeamCountry "HUN"]
[BlackTeamCountry "HUN"]

1. e4 e5 2. Nf3 Nc6 3. d4 exd4 4. Nxd4 Bc5 5. Nxc6 Qf6 6. Qf3 Qxc6 7. Nc3 Ne7 8. Bb5 Qg6 9. 0-0 0-0 10. Bf4 d6 11. h3 Be6 12. Bd3 Qf6 13. Qg3 Ng6 14. Bg5 Qe5 15. Qxe5 Nxe5 16. Kh1 h6 17. Bf4 Ng6 18. Bd2 f5 19. Na4 Bb6 20. Nxb6 axb6 21. exf5 Bxf5 22. Bc4+ Kh8 23. Bb3 Rae8 24. Rae1 Ne5 25. f4 Nc6 26. Ba4 Re4 27. Rxe4 Bxe4 28. Bxc6 bxc6 29. c3 Rd8 30. Be3 d5 31. Rd1 Re8 32. Bd4 1/2-1/2

[Event "HUN-chT2 Erkel 1516"]
[Site "Hungary"]
[Date "2016.02.28"]
[Round "8.8"]
[White "Pecsi, Roland"]
[Black "Toth, Pal"]
[Result "1/2-1/2"]
[WhiteElo "1748"]
[BlackElo "1938"]
[PlyCount "42"]
[EventDate "2015.09.13"]
[EventType "team-tourn"]
[EventRounds "11"]
[EventCountry "HUN"]
[SourceTitle "EXT 2017"]
[Source "ChessBase"]
[SourceDate "2016.10.25"]
[SourceVersion "1"]
[SourceVersionDate "2016.10.25"]
[SourceQuality "1"]
[WhiteTeam "Jaszbereny"]
[BlackTeam "Salgotarjan"]
[WhiteTeamCountry "HUN"]
[BlackTeamCountry "HUN"]

1. e4 c6 2. d4 d5 3. exd5 cxd5 4. c4 Nf6 5. Nf3 e6 6. Nc3 Nbd7 7. Bg5 Be7 8. Bd3 0-0 9. 0-0 Re8 10. Rc1 a6 11. Re1 dxc4 12. Bxc4 b5 13. Bb3 Bb7 14. d5 exd5 15. Nxd5 Nxd5 16. Bxd5 Bxd5 17. Qxd5 Bxg5 18. Nxg5 Rf8 19. Red1 Nb6 20. Qf5 g6 21. Rxd8 gxf5 1/2-1/2

[Event "HUN-chT2 Erkel 1516"]
[Site "Hungary"]
[Date "2015.12.06"]
[Round "6.9"]
[White "Molnar, Emil"]
[Black "Pecsi, Roland"]
[Result "1-0"]
[WhiteElo "2017"]
[BlackElo "1748"]
[PlyCount "89"]
[EventDate "2015.09.13"]
[EventType "team-tourn"]
[EventRounds "11"]
[EventCountry "HUN"]
[SourceTitle "CBM 170 Extra"]
[Source "ChessBase"]
[SourceDate "2016.02.25"]
[SourceVersion "1"]
[SourceVersionDate "2016.02.25"]
[SourceQuality "1"]
[WhiteTeam "Barcza BEAC"]
[BlackTeam "Jaszbereny"]
[WhiteTeamCountry "HUN"]
[BlackTeamCountry "HUN"]

1. Nf3 e6 2. c4 d5 3. g3 b6 4. Bg2 Bb7 5. 0-0 Nf6 6. cxd5 exd5 7. d4 Bd6 8. Bg5 h6 9. Bxf6 Qxf6 10. Nc3 c6 11. e4 Qd8 12. exd5 cxd5 13. Re1+ Be7 14. Qb3 0-0 15. Ne5 Nc6 16. Nxc6 Bxc6 17. Bxd5 Bxd5 18. Nxd5 Bg5 19. h4 Bf6 20. Rad1 g5 21. Qf3 Bg7 22. Ne7+ Kh8 23. hxg5 Qd6 24. Nf5 Qg6 25. gxh6 Bxh6 26. Kg2 Bg5 27. Re5 Rae8 28. Rde1 Re6 29. g4 Rc8 30. Qb7 Rce8 31. Rxe6 fxe6 32. Nd6 Re7 33. Rh1+ Kg7 34. Qc8 Bh6 35. f3 Qg5 36. Ne4 Qf4 37. Qc3 Rc7 38. Qd3 Rc1 39. Rxc1 Qxc1 40. Qc3 Qd1 41. g5 Qe2+ 42. Kg3 Bxg5 43. Nxg5 Kg6 44. Ne4 Qf1 45. Qe3 1-0

[Event "HUN-chT2 Erkel 1516"]
[Site "Hungary"]
[Date "2015.11.29"]
[Round "5.10"]
[White "Lengyel, Istvan"]
[Black "Pecsi, Roland"]
[Result "0-1"]
[WhiteElo "1953"]
[BlackElo "1748"]
[PlyCount "130"]
[EventDate "2015.09.13"]
[EventType "team-tourn"]
[EventRounds "11"]
[EventCountry "HUN"]
[SourceTitle "CBM 170 Extra"]
[Source "ChessBase"]
[SourceDate "2016.02.25"]
[SourceVersion "1"]
[SourceVersionDate "2016.02.25"]
[SourceQuality "1"]
[WhiteTeam "Paszto"]
[BlackTeam "Jaszbereny"]
[WhiteTeamCountry "HUN"]
[BlackTeamCountry "HUN"]

1. e4 e6 2. d4 d5 3. e5 c5 4. c3 Nc6 5. Nf3 Qb6 6. Bd3 cxd4 7. cxd4 Bd7 8. Be3 Qxb2 9. Nbd2 Nb4 10. Nb3 Qc3+ 11. Ke2 Qxd3+ 12. Qxd3 Nxd3 13. Kxd3 Bb5+ 14. Kc2 Ba3 15. Nc5 b6 16. Kb3 Bxc5 17. dxc5 bxc5 18. Bxc5 a6 19. a4 Bc4+ 20. Ka3 Rc8 21. Bb4 Ne7 22. Nd4 Nc6 23. Nxc6 Rxc6 24. Rab1 f6 25. Bd6 Kf7 26. Rb7+ Kg6 27. g4 Be2 28. h3 d4 29. f4 Rc3+ 30. Rb3 Rxb3+ 31. Kxb3 Rc8 32. exf6 gxf6 33. a5 d3 34. f5+ exf5 35. Bf4 fxg4 36. hxg4 Bxg4 37. Bd2 h5 38. Rg1 f5 39. Rg3 Rd8 40. Kc3 h4 41. Rxd3 Rxd3+ 42. Kxd3 Bf3 43. Ke3 Be4 44. Kf4 Kf6 45. Be1 h3 46. Bg3 Ke6 47. Ke3 Kd5 48. Bh2 Kc4 49. Kf2 Kb5 50. Bc7 h2 51. Bxh2 Kxa5 52. Ke2 Kb4 53. Kd2 a5 54. Kc1 Kb3 55. Be5 a4 56. Bd6 Kc3 57. Be5+ Kb3 58. Bd6 a3 59. Be5 a2 60. Ba1 f4 61. Kd2 Ba8 62. Ke2 Bb7 63. Bf6 Ba6+ 64. Kd2 Bf1 65. Ba1 Bg2 0-1

[Event "HUN-chT2 Erkel 1415"]
[Site "Hungary"]
[Date "2015.04.26"]
[Round "9.11"]
[White "Pecsi, Roland"]
[Black "Wanger, Tamas"]
[Result "1/2-1/2"]
[WhiteElo "1736"]
[BlackElo "1975"]
[PlyCount "55"]
[EventDate "2014.09.28"]
[EventType "team-tourn"]
[EventRounds "9"]
[EventCountry "HUN"]
[SourceTitle "EXT 2016"]
[Source "ChessBase"]
[SourceDate "2015.10.08"]
[SourceVersion "1"]
[SourceVersionDate "2015.10.08"]
[SourceQuality "1"]
[WhiteTeam "Jaszbereny"]
[BlackTeam "BEAC"]
[WhiteTeamCountry "HUN"]
[BlackTeamCountry "HUN"]

1. e4 e6 2. d4 d5 3. exd5 exd5 4. Bd3 Nf6 5. Bg5 Be7 6. c3 0-0 7. Ne2 h6 8. Bh4 Nbd7 9. Nd2 c5 10. dxc5 Nxc5 11. Qc2 Qb6 12. Nb3 Nxd3+ 13. Qxd3 Bd7 14. Qd4 Qa6 15. 0-0 Bb5 16. Rfe1 Bxe2 17. Qe3 Bc4 18. Qxe7 Rfe8 19. Qb4 Qxa2 20. Nd2 Qa6 21. Bxf6 gxf6 22. b3 Rxe1+ 23. Rxe1 Bd3 24. Qg4+ Bg6 25. h4 h5 26. Qd4 Qc6 27. Re3 a6 28. b4 1/2-1/2

[Event "HUN-chT2 Erkel 1415"]
[Site "Hungary"]
[Date "2015.03.22"]
[Round "8.11"]
[White "Laza, Szabolcs"]
[Black "Pecsi, Roland"]
[Result "1/2-1/2"]
[WhiteElo "2014"]
[BlackElo "1736"]
[PlyCount "77"]
[EventDate "2014.09.28"]
[EventType "team-tourn"]
[EventRounds "9"]
[EventCountry "HUN"]
[SourceTitle "EXT 2016"]
[Source "ChessBase"]
[SourceDate "2015.10.08"]
[SourceVersion "1"]
[SourceVersionDate "2015.10.08"]
[SourceQuality "1"]
[WhiteTeam "Budapest MTK"]
[BlackTeam "Jaszbereny"]
[WhiteTeamCountry "HUN"]
[BlackTeamCountry "HUN"]

1. d4 d5 2. c4 Bf5 3. Nc3 e6 4. cxd5 exd5 5. Qb3 Nc6 6. Be3 Bb4 7. Nf3 h6 8. g3 Nf6 9. Bg2 0-0 10. 0-0 Re8 11. Rac1 Bxc3 12. Qxc3 Ng4 13. Bf4 g5 14. Be5 f6 15. Bxc7 Qxc7 16. h3 Nxf2 17. Kxf2 Qe7 18. Qd2 Kg7 19. a3 Qe6 20. Ng1 Re7 21. Rc3 Rae8 22. Rc5 Be4 23. Bf3 Bxf3 24. exf3 b6 25. Rcc1 Na5 26. Rfe1 Qd6 27. Rxe7+ Qxe7 28. Qe2 Qd7 29. Qd3 Nc4 30. Rc2 Re3 31. Qd1 Rb3 32. Qe2 Re3 33. Qd1 Rb3 34. Qe2 Re3 35. Qf1 Rb3 36. Qe2 Re3 37. Qf1 Rb3 38. Qe2 Re3 39. Qd1 1/2-1/2

[Event "HUN-chT2 Erkel 1415"]
[Site "Hungary"]
[Date "2015.03.01"]
[Round "7.10"]
[White "Pecsi, Roland"]
[Black "Foldi, Martin"]
[Result "1/2-1/2"]
[WhiteElo "1736"]
[BlackElo "1775"]
[PlyCount "45"]
[EventDate "2014.09.28"]
[EventType "team-tourn"]
[EventRounds "9"]
[EventCountry "HUN"]
[SourceTitle "EXT 2016"]
[Source "ChessBase"]
[SourceDate "2015.10.08"]
[SourceVersion "1"]
[SourceVersionDate "2015.10.08"]
[SourceQuality "1"]
[WhiteTeam "Jaszbereny"]
[BlackTeam "Matra"]
[WhiteTeamCountry "HUN"]
[BlackTeamCountry "HUN"]

1. e4 d6 2. d4 Nf6 3. Nc3 e5 4. dxe5 dxe5 5. Qxd8+ Kxd8 6. Bg5 Be6 7. 0-0-0+ Bd6 8. Nf3 Nbd7 9. Nb5 Ke7 10. Nxd6 cxd6 11. Bb5 Nc5 12. Rhe1 a6 13. Bd3 h6 14. Bxf6+ Kxf6 15. Kb1 b5 16. Nd2 Rhb8 17. Re3 a5 18. g3 g5 19. h4 a4 20. Rf1 Ke7 21. hxg5 hxg5 22. f4 gxf4 23. gxf4 1/2-1/2

[Event "LSS SN-2009-0-00183"]
[Site "LSS email"]
[Date "2009.09.11"]
[Round "?"]
[White "Barna, Tamas Jr"]
[Black "Pecsi, Roland"]
[Result "1-0"]
[WhiteElo "507"]
[BlackElo "707"]
[PlyCount "22"]
[EventDate "2009.08.28"]
[EventType "tourn (corr)"]
[EventRounds "6"]
[EventCountry "GER"]
[SourceTitle "Corr 2015"]
[Source "ChessBase"]
[SourceDate "2015.07.17"]
[SourceVersion "1"]
[SourceVersionDate "2015.07.17"]
[SourceQuality "1"]

1. e4 e6 2. Nf3 d5 3. Nc3 d4 4. Ne2 Nc6 5. g3 Bd6 6. Bg2 Nf6 7. d3 e5 8. 0-0 Bg4 9. h3 Bxf3 10. Bxf3 Qd7 11. a3 Qxh3 1-0

[Event "LSS ZN-2009-0-00726"]
[Site "LSS email"]
[Date "2009.09.10"]
[Round "?"]
[White "Allwardt, David Lawrence"]
[Black "Pecsi, Roland"]
[Result "1-0"]
[WhiteElo "808"]
[BlackElo "707"]
[PlyCount "28"]
[EventDate "2009.09.05"]
[EventType "match (corr)"]
[EventRounds "2"]
[EventCountry "GER"]
[SourceTitle "Corr 2015"]
[Source "ChessBase"]
[SourceDate "2015.07.17"]
[SourceVersion "1"]
[SourceVersionDate "2015.07.17"]
[SourceQuality "1"]

1. g3 e5 2. Bg2 d5 3. Nf3 e4 4. Nd4 Bc5 5. c3 Bg4 6. b4 Bxd4 7. cxd4 Nf6 8. d3 0-0 9. dxe4 dxe4 10. 0-0 Nc6 11. Nc3 Qxd4 12. Qxd4 Nxd4 13. Bg5 Nd7 14. Bxe4 Rfe8 1-0

[Event "LSS ZN-2009-0-00726"]
[Site "LSS email"]
[Date "2009.09.10"]
[Round "?"]
[White "Pecsi, Roland"]
[Black "Allwardt, David Lawrence"]
[Result "0-1"]
[WhiteElo "707"]
[BlackElo "808"]
[PlyCount "27"]
[EventDate "2009.09.05"]
[EventType "match (corr)"]
[EventRounds "2"]
[EventCountry "GER"]
[SourceTitle "Corr 2015"]
[Source "ChessBase"]
[SourceDate "2015.07.17"]
[SourceVersion "1"]
[SourceVersionDate "2015.07.17"]
[SourceQuality "1"]

1. e4 c5 2. c3 Nf6 3. e5 Nd5 4. d4 cxd4 5. cxd4 d6 6. Bc4 e6 7. Bxd5 exd5 8. Nf3 Bg4 9. h3 Bxf3 10. Qxf3 dxe5 11. dxe5 d4 12. Qxb7 Nd7 13. Qe4 Qa5+ 14. Bd2 0-1

[Event "LSS No Engine Cup Gr06 prel 04 email"]
[Site "LSS email"]
[Date "2009.09.07"]
[Round "?"]
[White "Stilman, Eduardo"]
[Black "Pecsi, Roland"]
[Result "1-0"]
[WhiteElo "1963"]
[BlackElo "733"]
[PlyCount "37"]
[EventDate "2009.09.08"]
[EventType "tourn (corr)"]
[EventRounds "6"]
[EventCountry "GER"]
[SourceTitle "Telechess CBM 135"]
[Source "ChessBase"]
[SourceDate "2010.03.17"]
[SourceVersion "1"]
[SourceVersionDate "2010.03.17"]
[SourceQuality "1"]

1. e4 e5 2. Nf3 Nc6 3. d4 exd4 4. Nxd4 Bc5 5. Be3 Nf6 6. Nxc6 bxc6 7. Bxc5 Nxe4 8. Qe2 f5 9. f3 d6 10. Bf2 0-0 11. fxe4 fxe4 12. Nc3 Re8 13. 0-0-0 Qg5+ 14. Qe3 Qg6 15. Qg3 Qh5 16. Be2 Qa5 17. Bd4 g6 18. Rhf1 Bf5 19. Qg5 1-0

[Event "LSS SN-2009-0-00181"]
[Site "LSS email"]
[Date "2009.09.05"]
[Round "?"]
[White "Jokmin, Guido"]
[Black "Pecsi, Roland"]
[Result "1-0"]
[WhiteElo "571"]
[BlackElo "707"]
[PlyCount "25"]
[EventDate "2009.08.21"]
[EventType "tourn (corr)"]
[EventRounds "6"]
[EventCountry "GER"]
[SourceTitle "Corr 2015"]
[Source "ChessBase"]
[SourceDate "2015.07.17"]
[SourceVersion "1"]
[SourceVersionDate "2015.07.17"]
[SourceQuality "1"]

1. d4 d5 2. c4 Bf5 3. Nf3 Bxb1 4. Rxb1 dxc4 5. e4 e6 6. Bxc4 Bb4+ 7. Bd2 Bxd2+ 8. Qxd2 Nf6 9. e5 Ne4 10. Qb4 b6 11. 0-0 Nc6 12. Bb5 Qd5 13. Qa4 1-0

[Event "LSS SN-2009-0-00180"]
[Site "LSS email"]
[Date "2009.09.03"]
[Round "?"]
[White "Pecsi, Roland"]
[Black "Reed, James A"]
[Result "0-1"]
[WhiteElo "733"]
[BlackElo "800"]
[PlyCount "110"]
[EventDate "2009.08.15"]
[EventType "tourn (corr)"]
[EventRounds "6"]
[EventCountry "GER"]
[SourceTitle "Corr 2011"]
[Source "ChessBase"]
[SourceDate "2010.08.31"]
[SourceVersion "1"]
[SourceVersionDate "2010.08.31"]
[SourceQuality "1"]

1. e4 c5 2. c3 Nf6 3. e5 Nd5 4. d4 cxd4 5. cxd4 d6 6. Bc4 e6 7. Nf3 Be7 8. Bxd5 exd5 9. 0-0 Bg4 10. h3 Bf5 11. Nc3 h6 12. Nxd5 Be4 13. Nxe7 Qxe7 14. Re1 Bxf3 15. Qxf3 0-0 16. Kf1 Nc6 17. Qd5 Nb4 18. Qc4 d5 19. Qc3 Rac8 20. Qb3 Nc2 21. Rb1 Nxe1 22. Kxe1 Rfd8 23. Bf4 Rc4 24. Be3 Rdc8 25. Kd2 Qb4+ 26. Qxb4 Rxb4 27. b3 Rb6 28. Rb2 Rg6 29. g4 Rgc6 30. Bf4 g5 31. Be3 Kg7 32. Kd3 f6 33. Re2 a6 34. Rb2 b6 35. b4 b5 36. Re2 Kg6 37. Bd2 Rc2 38. e6 Rxa2 39. f4 Ra3+ 40. Bc3 Raxc3+ 41. Kd2 Rc2+ 42. Kd1 Rc1+ 43. Kd2 gxf4 44. e7 R8c2+ 45. Kd3 Rc3+ 46. Kd2 R1c2+ 47. Kd1 Rxe2 48. Kxe2 Re3+ 49. Kf2 Kg5 50. h4+ Kxg4 51. h5 Rxe7 52. Kg2 Re2+ 53. Kf1 Kf3 54. Kg1 Kg3 55. Kf1 Re4 0-1

[Event "LSS SN-2009-0-00179"]
[Site "LSS email"]
[Date "2009.08.29"]
[Round "?"]
[White "Cser, Andras"]
[Black "Pecsi, Roland"]
[Result "1-0"]
[WhiteElo "657"]
[BlackElo "707"]
[PlyCount "21"]
[EventDate "2009.08.13"]
[EventType "tourn (corr)"]
[EventRounds "6"]
[EventCountry "GER"]
[SourceTitle "Corr 2015"]
[Source "ChessBase"]
[SourceDate "2015.07.17"]
[SourceVersion "1"]
[SourceVersionDate "2015.07.17"]
[SourceQuality "1"]

1. e4 e5 2. Nf3 Nc6 3. Bc4 Nf6 4. Ng5 d5 5. exd5 Nxd5 6. Nxf7 Kxf7 7. Qf3+ Ke6 8. Nc3 Nd4 9. Bxd5+ Kd6 10. Qd3 Qg5 11. Ne4+ 1-0

[Event "LSS No Engine Cup Gr05 prel 05 email"]
[Site "LSS email"]
[Date "2009.08.26"]
[Round "?"]
[White "Erdos, Viktor"]
[Black "Pecsi, Roland"]
[Result "1/2-1/2"]
[WhiteElo "1200"]
[BlackElo "753"]
[PlyCount "130"]
[EventDate "2009.08.27"]
[EventType "tourn (corr)"]
[EventRounds "6"]
[EventCountry "GER"]
[SourceTitle "Telechess CBM 135"]
[Source "ChessBase"]
[SourceDate "2010.03.17"]
[SourceVersion "1"]
[SourceVersionDate "2010.03.17"]
[SourceQuality "1"]

1. e4 e5 2. Nf3 Nc6 3. c3 Nf6 4. Qa4 d6 5. Bb5 Bd7 6. d4 exd4 7. cxd4 Nxe4 8. d5 Nc5 9. Qc2 Nb4 10. Qe2+ Be7 11. Qc4 Ncd3+ 12. Ke2 Nxc1+ 13. Rxc1 c6 14. dxc6 bxc6 15. Qxb4 cxb5 16. Nc3 d5 17. Qf4 Bc6 18. Ne5 d4 19. Ne4 Bxe4 20. Qxe4 0-0 21. Nc6 d3+ 22. Ke3 Bg5+ 23. f4 d2 24. Rd1 Qb6+ 25. Kxd2 Bxf4+ 26. Qxf4 Qxc6 27. Rac1 Rad8+ 28. Ke2 Rfe8+ 29. Kf2 Qb6+ 30. Kf1 Rxd1+ 31. Rxd1 h6 32. Qd4 Qxd4 33. Rxd4 a6 34. Rd6 Ra8 35. b4 a5 36. bxa5 Rxa5 37. Rd2 b4 38. Rb2 f5 39. Kf2 g5 40. g3 f4 41. gxf4 gxf4 42. Rxb4 Rxa2+ 43. Kg1 f3 44. Rg4+ Kh7 45. Rf4 Rg2+ 46. Kf1 Rxh2 47. Rxf3 Ra2 48. Rf7+ Kg6 49. Rf3 h5 50. Rg3+ Kf5 51. Kg1 Kf4 52. Rg2 Ra1+ 53. Kh2 Kf3 54. Rg3+ Kf4 55. Kh3 Rh1+ 56. Kg2 h4 57. Ra3 Re1 58. Rf3+ Kg4 59. Ra3 Re2+ 60. Kf1 h3 61. Kxe2 h2 62. Ra1 Kg3 63. Rh1 Kg2 64. Rxh2+ Kxh2 65. Kf3 Kh3 1/2-1/2

[Event "LSS OP-2009-0-00923"]
[Site "LSS email"]
[Date "2009.08.20"]
[Round "?"]
[White "Bester, Kazimierz"]
[Black "Pecsi, Roland"]
[Result "1/2-1/2"]
[WhiteElo "719"]
[BlackElo "707"]
[PlyCount "20"]
[EventDate "2009.08.12"]
[EventType "tourn (corr)"]
[EventRounds "4"]
[EventCountry "GER"]
[SourceTitle "Corr 2015"]
[Source "ChessBase"]
[SourceDate "2015.07.17"]
[SourceVersion "1"]
[SourceVersionDate "2015.07.17"]
[SourceQuality "1"]

1. c4 e6 2. Nf3 d5 3. d4 dxc4 4. Qa4+ Bd7 5. Qxc4 Nc6 6. Bg5 Be7 7. Bxe7 Qxe7 8. e3 Nf6 9. Nc3 0-0 10. Bd3 Ng4 1/2-1/2

[Event "LSS ZN-2009-0-00705"]
[Site "LSS email"]
[Date "2009.08.20"]
[Round "?"]
[White "Bokros, Csaba"]
[Black "Pecsi, Roland"]
[Result "1-0"]
[WhiteElo "1091"]
[BlackElo "707"]
[PlyCount "29"]
[EventDate "2009.08.10"]
[EventType "match (corr)"]
[EventRounds "2"]
[EventCountry "GER"]
[SourceTitle "Corr 2015"]
[Source "ChessBase"]
[SourceDate "2015.07.17"]
[SourceVersion "1"]
[SourceVersionDate "2015.07.17"]
[SourceQuality "1"]

1. c4 e5 2. Nc3 Nf6 3. e4 Bc5 4. Nf3 d6 5. d3 Bg4 6. a3 Bd4 7. h3 Bxc3+ 8. bxc3 Nc6 9. hxg4 Nxg4 10. Nh4 Nf6 11. Nf5 0-0 12. Bg5 Rb8 13. Qf3 h6 14. Nxh6+ Kh8 15. Qh3 1-0

[Event "LSS OP-2009-0-00923"]
[Site "LSS email"]
[Date "2009.08.20"]
[Round "?"]
[White "Kishkin, Pavel"]
[Black "Pecsi, Roland"]
[Result "1-0"]
[WhiteElo "800"]
[BlackElo "753"]
[PlyCount "35"]
[EventDate "2009.08.12"]
[EventType "tourn (corr)"]
[EventRounds "4"]
[EventCountry "GER"]
[SourceTitle "Corr 2011"]
[Source "ChessBase"]
[SourceDate "2010.08.31"]
[SourceVersion "1"]
[SourceVersionDate "2010.08.31"]
[SourceQuality "1"]

1. c4 e5 2. Nc3 Bb4 3. Nd5 Bc5 4. e3 d6 5. b4 c6 6. bxc5 cxd5 7. cxd6 Qxd6 8. Qa4+ Bd7 9. Qb3 Bc6 10. Ba3 Qd7 11. Nf3 f6 12. d4 e4 13. Nd2 f5 14. Rb1 Ne7 15. cxd5 Bxd5 16. Bc4 Bxc4 17. Nxc4 Nbc6 18. Nd6+ 1-0